[Event "RUS-chT Clubs U18"]
[Site "Rybinsk"]
[Date "2009.08.07"]
[Round "6"]
[White "Buharin, Anton"]
[Black "Yudin, Ivan"]
[Result "1-0"]
[WhiteElo "2063"]
[BlackElo "2256"]
[PlyCount "87"]
[EventDate "2009.08.02"]
[EventType "team-swiss"]
[EventRounds "9"]
[EventCountry "RUS"]
[SourceTitle "CBM 131 Extra"]
[Source "ChessBase"]
[SourceDate "2009.09.03"]
[SourceVersion "2"]
[SourceVersionDate "2009.09.16"]
[SourceQuality "1"]

1. e4 c5 2. c3 Nf6 3. e5 Nd5 4. d4 cxd4 5. Nf3 Nc6 6. Bc4 Nb6 7. Bb3 g6 8. cxd4 Bg7 9. 0-0 0-0 10. Bf4 d6 11. exd6 exd6 12. h3 Na5 13. Nc3 Nxb3 14. Qxb3 Bf5 15. Rfe1 Qd7 16. a4 Rfc8 17. a5 Nc4 18. Qb5 Rc6 19. Nd5 a6 20. Qb4 Be6 21. Nc3 d5 22. Na4 Bf8 23. Nc5 Qc8 24. b3 b6 25. axb6 Rxb6 26. Qc3 Nd6 27. Ng5 Nb5 28. Qe3 Bf5 29. Rac1 Rc6 30. g4 Bd7 31. b4 Ra7 32. Nf3 Bxc5 33. Rxc5 Rxc5 34. dxc5 Bc6 35. Nd4 Nxd4 36. Qxd4 f5 37. g5 Rf7 38. Bd2 h5 39. Bc3 Kh7 40. Re6 Bd7 41. Rxa6 f4 42. Rf6 Re7 43. Rxg6 Re1+ 44. Bxe1 1-0

[Event "RUS-chT Clubs U18"]
[Site "Rybinsk"]
[Date "2009.08.06"]
[Round "5"]
[White "Minko, Vladimir"]
[Black "Buharin, Anton"]
[Result "0-1"]
[WhiteElo "2097"]
[BlackElo "2063"]
[PlyCount "94"]
[EventDate "2009.08.02"]
[EventType "team-swiss"]
[EventRounds "9"]
[EventCountry "RUS"]
[SourceTitle "CBM 131 Extra"]
[Source "ChessBase"]
[SourceDate "2009.09.03"]
[SourceVersion "2"]
[SourceVersionDate "2009.09.16"]
[SourceQuality "1"]

1. d4 d5 2. c4 c6 3. Nf3 Nf6 4. Nc3 e6 5. Bg5 Nbd7 6. cxd5 exd5 7. e3 Be7 8. Bd3 0-0 9. Qc2 Re8 10. 0-0 Nf8 11. Bxf6 Bxf6 12. b4 Bg4 13. Nd2 Re6 14. h3 Bh5 15. Bf5 Bg6 16. Bxg6 Nxg6 17. Nb3 Be7 18. Nc5 Bxc5 19. bxc5 Nh4 20. Ne2 b5 21. cxb6 axb6 22. Rab1 h5 23. Nf4 Rh6 24. Qb2 g5 25. Nd3 g4 26. Qxb6 Qg5 27. Qb7 Rf8 28. Qc7 Nxg2 29. Qe5 f5 30. Qg3 Nh4 31. f4 Qe7 32. Ne5 Kh8 33. hxg4 fxg4 34. f5 Nxf5 35. Qf4 Kg7 36. a4 c5 37. dxc5 Re6 38. c6 Nd6 39. Qxf8+ Qxf8 40. Rxf8 Kxf8 41. Rb8+ Ke7 42. Nd7 Ne8 43. Rc8 Rxe3 44. Nc5 Rc3 45. Nb7 h4 46. a5 h3 47. a6 g3 0-1

[Event "RUS-chT Clubs U18"]
[Site "Rybinsk"]
[Date "2009.08.03"]
[Round "2"]
[White "Buharin, Anton"]
[Black "Goganov, Aleksey"]
[Result "1/2-1/2"]
[WhiteElo "2063"]
[BlackElo "2434"]
[PlyCount "80"]
[EventDate "2009.08.02"]
[EventType "team-swiss"]
[EventRounds "9"]
[EventCountry "RUS"]
[SourceTitle "CBM 131 Extra"]
[Source "ChessBase"]
[SourceDate "2009.09.03"]
[SourceVersion "2"]
[SourceVersionDate "2009.09.16"]
[SourceQuality "1"]

1. d4 d5 2. Nf3 Nf6 3. c4 e6 4. Nc3 c6 5. e3 Nbd7 6. Qc2 Bd6 7. Bd3 0-0 8. 0-0 dxc4 9. Bxc4 b5 10. Bd3 Bb7 11. Rd1 Qb8 12. e4 e5 13. dxe5 Nxe5 14. Nxe5 Bxe5 15. h3 Re8 16. Be3 a6 17. f3 Nh5 18. Ne2 Qc7 19. Rf1 Rad8 20. Rad1 Nf4 21. Nxf4 Bxf4 22. Bxf4 Qxf4 23. Qc5 Qd6 24. Qxd6 Rxd6 25. Kf2 Red8 26. Bc2 c5 27. Ke3 Kf8 28. Rxd6 Rxd6 29. Rd1 Ke7 30. f4 f6 31. Bb3 Rxd1 32. Bxd1 Kd6 33. g3 a5 34. Bf3 Bc8 35. Bg4 Bxg4 36. hxg4 a4 37. Kd3 Ke6 38. Kc3 h6 39. Kd3 Kd6 40. Kc3 Ke6 1/2-1/2

[Event "RUS-chT Clubs U18"]
[Site "Rybinsk"]
[Date "2009.08.02"]
[Round "1"]
[White "Danilova, Tatiana"]
[Black "Buharin, Anton"]
[Result "0-1"]
[WhiteElo "1843"]
[BlackElo "2063"]
[PlyCount "86"]
[EventDate "2009.08.02"]
[EventType "team-swiss"]
[EventRounds "9"]
[EventCountry "RUS"]
[SourceTitle "CBM 131 Extra"]
[Source "ChessBase"]
[SourceDate "2009.09.03"]
[SourceVersion "2"]
[SourceVersionDate "2009.09.16"]
[SourceQuality "1"]

1. Nf3 d5 2. b3 Nf6 3. Bb2 Bf5 4. c4 e6 5. g3 c6 6. Bg2 Be7 7. 0-0 Nbd7 8. d3 h6 9. Nbd2 0-0 10. Qc2 Rc8 11. Ne5 b5 12. e4 Bh7 13. Nxd7 Nxd7 14. Rad1 Qb6 15. Qb1 bxc4 16. bxc4 Rb8 17. Nb3 a5 18. Bc3 Bb4 19. Qa1 Bxc3 20. Qxc3 a4 21. Nd4 e5 22. Ne2 d4 23. Qc2 Qb2 24. Rd2 Qxc2 25. Rxc2 Nc5 26. Rd1 a3 27. Nc1 Rb2 28. Rdd2 Rfb8 29. Bf1 f6 30. Be2 Bxe4 31. Bd1 Rxc2 32. Bxc2 Bg6 33. Nb3 Nxb3 34. Bxb3 c5 35. f3 Kf7 36. g4 f5 37. h3 Kf6 38. Kf2 e4 39. fxe4 fxe4 40. dxe4 Bxe4 41. Re2 Bd3 42. Rd2 Rxb3 43. axb3 Bb1 0-1

[Event "Rybinsk op"]
[Site "Rybinsk"]
[Date "2009.06.19"]
[Round "9"]
[White "Vakhlamov, Igor L"]
[Black "Buharin, Anton"]
[Result "1-0"]
[WhiteElo "2198"]
[BlackElo "2057"]
[PlyCount "147"]
[EventDate "2009.06.14"]
[EventType "swiss"]
[EventRounds "9"]
[EventCountry "RUS"]
[SourceTitle "CBM 131 Extra"]
[Source "ChessBase"]
[SourceDate "2009.09.03"]
[SourceVersion "2"]
[SourceVersionDate "2009.09.16"]
[SourceQuality "1"]

1. e4 c6 2. d4 d5 3. Nd2 dxe4 4. Nxe4 Bf5 5. Ng3 Bg6 6. h4 h6 7. Nf3 Nf6 8. h5 Bh7 9. Bd3 Bxd3 10. Qxd3 e6 11. Bf4 Qa5+ 12. Bd2 Bb4 13. c3 Be7 14. c4 Bb4 15. a3 Bxd2+ 16. Nxd2 Nbd7 17. 0-0-0 0-0-0 18. Nde4 Nxe4 19. Nxe4 Nf6 20. Nxf6 Qg5+ 21. Qe3 Qxf6 22. g4 Rd7 23. Rd2 Rhd8 24. Rhd1 Kb8 25. f4 Qe7 26. g5 b6 27. Qe5+ Qd6 28. Qxg7 Qxf4 29. Qe5+ Qxe5 30. dxe5 Rxd2 31. Rxd2 Rg8 32. gxh6 Rh8 33. Rh2 Kc7 34. Kd2 Kd7 35. Ke3 Ke7 36. Kf4 f6 37. exf6+ Kxf6 38. Kg4 Rg8+ 39. Kh4 Rh8 40. Rf2+ Ke7 41. Rf3 Rxh6 42. Kg5 Rh8 43. h6 Rg8+ 44. Kf4 Rf8+ 45. Ke4 Rh8 46. Rh3 Kf6 47. h7 Ke7 48. Ke5 Kf7 49. Rh6 c5 50. a4 Kg7 51. Rh2 Kf7 52. Rh1 Ke7 53. Rh4 Kf7 54. Rh6 Kg7 55. Rxe6 Kxh7 56. Re7+ Kg6 57. Rxa7 Rh5+ 58. Ke4 Rh4+ 59. Kd3 Rh3+ 60. Kc2 Rh2+ 61. Kb3 Rh3+ 62. Ka2 Kf5 63. Ra6 Ke5 64. Rxb6 Kd4 65. Rb3 Rh8 66. Rc3 Rb8 67. Rc1 Kd3 68. Ka3 Rb6 69. a5 Rb8 70. b3 Kd2 71. Rh1 Kc3 72. Rh3+ Kc2 73. Rg3 Rb7 74. a6 1-0

[Event "Rybinsk op"]
[Site "Rybinsk"]
[Date "2009.06.18"]
[Round "6"]
[White "Buharin, Anton"]
[Black "Kuznetsov, Vadim"]
[Result "1-0"]
[WhiteElo "2057"]
[BlackElo "2186"]
[PlyCount "113"]
[EventDate "2009.06.14"]
[EventType "swiss"]
[EventRounds "9"]
[EventCountry "RUS"]
[SourceTitle "CBM 131 Extra"]
[Source "ChessBase"]
[SourceDate "2009.09.03"]
[SourceVersion "2"]
[SourceVersionDate "2009.09.16"]
[SourceQuality "1"]

1. d4 d5 2. c4 c6 3. Nc3 Nf6 4. Nf3 g6 5. Bf4 Bg7 6. e3 0-0 7. Bd3 a6 8. 0-0 Bf5 9. Bxf5 gxf5 10. cxd5 Nxd5 11. Be5 f6 12. Bg3 Nxc3 13. bxc3 b5 14. a4 Nd7 15. Qb3+ Kh8 16. Qe6 Nb6 17. axb5 cxb5 18. Nh4 Nd5 19. Rxa6 Rxa6 20. Qxa6 Nxc3 21. Nxf5 Qd7 22. Nh4 e5 23. dxe5 fxe5 24. Nf3 Ne2+ 25. Kh1 Nxg3+ 26. hxg3 Rb8 27. Qa2 b4 28. Qb3 e4 29. Ng5 Bc3 30. Nxe4 Qd3 31. Qb1 Qxb1 32. Rxb1 Bg7 33. Rb3 Kg8 34. Kg1 Kf7 35. Kf1 Ke6 36. Ke2 Kd5 37. Kd3 Rb6 38. f3 Bf8 39. Nc3+ Kc6 40. Ne2 Kb5 41. Nd4+ Ka4 42. Kc4 Rb8 43. Rb1 Rc8+ 44. Kd3 Ka3 45. Ra1+ Kb2 46. Ra7 Rc3+ 47. Ke4 h6 48. Rb7 Bc5 49. f4 b3 50. f5 Ka2 51. Rxb3 Rxb3 52. Nxb3 Kxb3 53. f6 Kc4 54. g4 Bf8 55. Ke5 Kd3 56. e4 Ke3 57. Kf5 1-0

[Event "Rybinsk op"]
[Site "Rybinsk"]
[Date "2009.06.16"]
[Round "5"]
[White "Khuseinova, Anna"]
[Black "Buharin, Anton"]
[Result "0-1"]
[WhiteElo "1849"]
[BlackElo "2057"]
[PlyCount "50"]
[EventDate "2009.06.14"]
[EventType "swiss"]
[EventRounds "9"]
[EventCountry "RUS"]
[SourceTitle "CBM 131 Extra"]
[Source "ChessBase"]
[SourceDate "2009.09.03"]
[SourceVersion "2"]
[SourceVersionDate "2009.09.16"]
[SourceQuality "1"]

1. e4 c6 2. d4 d5 3. e5 Bf5 4. Nc3 e6 5. g4 Bg6 6. Nge2 h6 7. Nf4 Bh7 8. Bd3 Bxd3 9. Qxd3 c5 10. Nce2 Nc6 11. Be3 Qb6 12. Qb3 Qc7 13. c3 a6 14. Rc1 Nge7 15. a3 Nc8 16. Nh5 Nb6 17. f4 0-0-0 18. dxc5 Nd7 19. Qd1 Bxc5 20. Bd4 g5 21. b4 Be7 22. b5 axb5 23. Qd3 gxf4 24. Nhxf4 Bg5 25. Qxb5 Bxf4 0-1

[Event "Rybinsk-ch"]
[Site "Rybinsk"]
[Date "2009.03.29"]
[Round "13"]
[White "Miloradov, Georgy B"]
[Black "Buharin, Anton"]
[Result "0-1"]
[WhiteElo "2251"]
[BlackElo "2057"]
[PlyCount "98"]
[EventDate "2009.03.15"]
[EventType "tourn"]
[EventRounds "13"]
[EventCountry "RUS"]
[SourceTitle "EXT 2022"]
[Source "ChessBase"]
[SourceDate "2021.10.06"]
[SourceVersion "1"]
[SourceVersionDate "2021.10.06"]
[SourceQuality "1"]

1. e4 c5 2. Nf3 Nc6 3. d4 cxd4 4. Nxd4 Nf6 5. Nc3 e5 6. Ndb5 d6 7. Bg5 a6 8. Na3 b5 9. Bxf6 gxf6 10. Nd5 f5 11. c3 Bg7 12. Bd3 Be6 13. Qh5 0-0 14. 0-0 fxe4 15. Bxe4 f5 16. Nf4 exf4 17. Bxc6 Rc8 18. Qe2 Be5 19. Bf3 Qf6 20. Rfe1 Kh8 21. Nc2 Rg8 22. Nb4 Bc4 23. Qd2 Rg7 24. Nd5 Qh4 25. Nb6 Rcg8 26. Nxc4 bxc4 27. Qd5 Rg6 28. Rad1 R8g7 29. Rxe5 dxe5 30. Qxe5 Qe7 31. Qxf4 Re6 32. g3 Re1+ 33. Rxe1 Qxe1+ 34. Kg2 Qe6 35. Qd4 h6 36. Bd5 Qd6 37. Qxc4 Kh7 38. Qd4 Rd7 39. c4 Kg6 40. a3 a5 41. f4 Rd8 42. Qa7 Qf6 43. Kh3 a4 44. Qxa4 Qxb2 45. Qc6+ Qf6 46. Qc7 Re8 47. a4 Re7 48. Qd8 Re2 49. a5 Qxd8 0-1

[Event "Rybinsk-ch"]
[Site "Rybinsk"]
[Date "2009.03.16"]
[Round "2"]
[White "Tachalov, Vyacheslav"]
[Black "Buharin, Anton"]
[Result "1-0"]
[WhiteElo "2147"]
[BlackElo "2057"]
[PlyCount "181"]
[EventDate "2009.03.15"]
[EventType "tourn"]
[EventRounds "13"]
[EventCountry "RUS"]
[SourceTitle "EXT 2022"]
[Source "ChessBase"]
[SourceDate "2021.10.06"]
[SourceVersion "1"]
[SourceVersionDate "2021.10.06"]
[SourceQuality "1"]

1. e4 c6 2. d3 d5 3. Nd2 g6 4. Ngf3 Bg7 5. g3 Nf6 6. Bg2 Bg4 7. h3 dxe4 8. hxg4 exf3 9. Bxf3 Qa5 10. Qe2 Nbd7 11. b4 Qe5 12. Rb1 Qxe2+ 13. Bxe2 Nd5 14. Ne4 0-0 15. Bb2 Bxb2 16. Rxb2 Kg7 17. Kd2 Rfd8 18. Nc3 N7b6 19. Rbb1 e5 20. Bf3 Nxc3 21. Kxc3 Nd5+ 22. Kb3 a5 23. a3 Nc7 24. Be4 Nb5 25. Ra1 f5 26. gxf5 gxf5 27. Bg2 Rd4 28. bxa5 Rxa5 29. a4 Nd6 30. Rh4 Rxh4 31. gxh4 Kf6 32. Kb4 Ra8 33. a5 e4 34. Kc5 Ke6 35. Ra4 Ke5 36. f4+ exf3 37. Bxf3 Ra6 38. d4+ Ke6 39. Be2 b5 40. Ra1 Nb7+ 41. Kb4 Kd5 42. c3 Ke4 43. Bf1 f4 44. Bh3 Nd6 45. Kc5 Nb7+ 46. Kb4 Nd6 47. Bg2+ Ke3 48. Rf1 Nc4 49. Rf3+ Ke4 50. Rg3+ Kf5 51. Rg5+ Kf6 52. Be4 Ne3 53. Rh5 Nd5+ 54. Bxd5 cxd5 55. Re5 Re6 56. Rxe6+ Kxe6 57. a6 f3 58. a7 f2 59. a8Q f1Q 60. Qc6+ Ke7 61. Qxd5 Qh3 62. Qb7+ Kd6 63. Qxh7 Qf1 64. Qg6+ Kc7 65. Qe6 Qd3 66. Qe5+ Kc8 67. Qd5 Qe2 68. h5 Qb2+ 69. Qb3 Qe2 70. Qg8+ Kb7 71. Qd5+ Kc8 72. h6 Qb2+ 73. Qb3 Qh2 74. Qg8+ Kb7 75. h7 Qb2+ 76. Qb3 Qh2 77. Qd5+ Ka7 78. Qf7+ Kb6 79. Qe6+ Kb7 80. Qf7+ Kb6 81. Kb3 Qh1 82. Qe6+ Ka5 83. Qg6 Qd5+ 84. Kb2 Qh1 85. d5 b4 86. cxb4+ Kxb4 87. Qc2 Kb5 88. Qc6+ Kb4 89. Qc3+ Kb5 90. h8Q Qg2+ 91. Qc2 1-0

[Event "Kostroma Volga Cup op"]
[Site "Kostroma"]
[Date "2008.07.??"]
[Round "3"]
[White "Buharin, Anton"]
[Black "Arakelov, Ilya Sergeevich"]
[Result "1/2-1/2"]
[WhiteElo "2033"]
[BlackElo "2369"]
[PlyCount "76"]
[EventDate "2008.07.??"]
[EventType "swiss"]
[EventRounds "9"]
[EventCountry "RUS"]
[SourceTitle "EXT 2009"]
[Source "ChessBase"]
[SourceDate "2008.11.26"]
[SourceVersion "1"]
[SourceVersionDate "2008.11.26"]
[SourceQuality "1"]

1. e4 c5 2. c3 d5 3. exd5 Qxd5 4. d4 Nf6 5. Nf3 Bg4 6. Be2 e6 7. Na3 Nc6 8. Nb5 Rc8 9. Bf4 Qd8 10. dxc5 Bxc5 11. Bd6 Bb6 12. Ba3 Ne4 13. 0-0 a6 14. Qa4 Bxf3 15. Bxf3 Nc5 16. Bxc5 Bxc5 17. Rad1 Qb6 18. Nd6+ Bxd6 19. Rxd6 0-0 20. Bxc6 Rxc6 21. Rd2 g6 22. Rfd1 Rcc8 23. Qh4 Kg7 24. h3 h6 25. c4 g5 26. Qe4 Rfd8 27. Rxd8 Rxd8 28. Rxd8 Qxd8 29. Qxb7 Qd1+ 30. Kh2 Qc2 31. Qxa6 Qxf2 32. Qd6 f6 33. Qxe6 Qf4+ 34. Kg1 Qc1+ 35. Kf2 Qxb2+ 36. Qe2 Qd4+ 37. Ke1 Qc3+ 38. Kf2 Qd4+ 1/2-1/2

[Event "Kostroma Volga Cup op"]
[Site "Kostroma"]
[Date "2008.07.??"]
[Round "6"]
[White "Granovskiy, Alexandr"]
[Black "Buharin, Anton"]
[Result "1-0"]
[WhiteElo "2356"]
[BlackElo "2033"]
[PlyCount "87"]
[EventDate "2008.07.??"]
[EventType "swiss"]
[EventRounds "9"]
[EventCountry "RUS"]
[SourceTitle "EXT 2009"]
[Source "ChessBase"]
[SourceDate "2008.11.26"]
[SourceVersion "1"]
[SourceVersionDate "2008.11.26"]
[SourceQuality "1"]

1. d4 d5 2. c4 c6 3. Nf3 Nf6 4. e3 e6 5. Bd3 Nbd7 6. 0-0 Bd6 7. Nbd2 0-0 8. e4 dxe4 9. Nxe4 Nxe4 10. Bxe4 Nf6 11. Bc2 Be7 12. Bg5 b6 13. Qd3 g6 14. Ne5 Bb7 15. Qf3 Kg7 16. Rad1 Qc7 17. Qf4 Ng8 18. Bxe7 Qxe7 19. Be4 Rac8 20. c5 Nf6 21. b4 Rfd8 22. Rfe1 b5 23. Rd3 a6 24. Red1 Nh5 25. Qf3 Qc7 26. g4 Nf6 27. g5 Ng8 28. Qg2 Ne7 29. h4 Rf8 30. h5 Rcd8 31. Qh3 Rh8 32. h6+ Kf8 33. Qf3 Nf5 34. Ng4 a5 35. a3 axb4 36. axb4 Ra8 37. Nf6 Ra4 38. Bxf5 gxf5 39. Qe3 Ke7 40. Qe5 Qd8 41. d5 Qb8 42. dxc6 Rc8 43. Rd7+ Kf8 44. Nxh7+ 1-0

[Event "RUS-chT Clubs U18"]
[Site "Rybinsk"]
[Date "2007.08.09"]
[Round "8.26"]
[White "Voit, Daria"]
[Black "Buharin, Anton"]
[Result "1-0"]
[WhiteElo "2169"]
[BlackElo "2039"]
[PlyCount "159"]
[EventDate "2007.08.02"]
[EventType "team-swiss"]
[EventRounds "9"]
[EventCountry "RUS"]
[SourceTitle "EXT 2022"]
[Source "ChessBase"]
[SourceDate "2021.10.06"]
[SourceVersion "1"]
[SourceVersionDate "2021.10.06"]
[SourceQuality "1"]

1. e4 c6 2. d4 d5 3. e5 Bf5 4. Be3 e6 5. Nd2 Nd7 6. c3 a6 7. f4 h5 8. Ngf3 Be7 9. Bf2 Rc8 10. Be2 Qc7 11. 0-0 Nh6 12. h3 Qd8 13. Re1 g5 14. fxg5 Bxg5 15. Nxg5 Qxg5 16. Nf3 Qg7 17. Kf1 Be4 18. Nh4 Nf5 19. Bf3 Rg8 20. Bxe4 dxe4 21. Rxe4 Nxh4 22. Rxh4 Qxg2+ 23. Ke2 c5 24. Qd3 Qh2 25. Rxh5 Nb6 26. Qf3 Nd5 27. Rh1 Qf4 28. Rh4 Qxf3+ 29. Kxf3 cxd4 30. Bxd4 Ne7 31. Rg4 Rh8 32. h4 Nf5 33. h5 Ke7 34. Be3 f6 35. exf6+ Kxf6 36. Bd4+ Nxd4+ 37. Rxd4 Rc5 38. h6 Rh7 39. Rf4+ Kg6 40. Rg4+ Kf6 41. Ke3 Re5+ 42. Re4 Rg5 43. Rh2 Rg6 44. Reh4 Rg5 45. Rf4+ Kg6 46. Ke4 Rxh6 47. Rxh6+ Kxh6 48. Rf6+ Kg7 49. Rxe6 Rb5 50. b4 Kf8 51. Kd4 Rh5 52. Rb6 Rh7 53. Kc5 Ke8 54. Rd6 Ke7 55. Rg6 Kf7 56. Rg5 Rh6 57. a4 Rc6+ 58. Kd4 Rh6 59. c4 b6 60. Kd5 Kf6 61. Rg8 Ke7 62. Ra8 Rd6+ 63. Ke4 Re6+ 64. Kd4 Rd6+ 65. Kc3 b5 66. axb5 axb5 67. cxb5 Rh6 68. Ra7+ Kd8 69. Kc4 Kc8 70. Kc5 Rh5+ 71. Kb6 Rh6+ 72. Ka5 Rh5 73. Rg7 Rf5 74. Ka6 Rf1 75. Rg8+ Kc7 76. b6+ Kc6 77. b5+ Kc5 78. Rc8+ Kb4 79. b7 Rf6+ 80. b6 1-0

[Event "RUS-chT Clubs U18"]
[Site "Rybinsk"]
[Date "2007.08.08"]
[Round "7.26"]
[White "Buharin, Anton"]
[Black "Kovalev, Vitaly"]
[Result "0-1"]
[WhiteElo "2039"]
[BlackElo "1938"]
[PlyCount "60"]
[EventDate "2007.08.02"]
[EventType "team-swiss"]
[EventRounds "9"]
[EventCountry "RUS"]
[SourceTitle "EXT 2022"]
[Source "ChessBase"]
[SourceDate "2021.10.06"]
[SourceVersion "1"]
[SourceVersionDate "2021.10.06"]
[SourceQuality "1"]

1. e4 c5 2. c3 Nf6 3. e5 Nd5 4. d4 cxd4 5. Nf3 Nc6 6. Bc4 Nb6 7. Bb3 d6 8. exd6 Qxd6 9. cxd4 g6 10. Nc3 Bg7 11. Be3 0-0 12. d5 Ne5 13. Nxe5 Qxe5 14. Qd2 Nd7 15. 0-0-0 b5 16. Bf4 Qf6 17. d6 exd6 18. Bd5 Nc5 19. Bxd6 b4 20. Bxc5 bxc3 21. bxc3 Bf5 22. Bxa8 Rb8 23. Bb7 Bh6 24. Be3 Bf8 25. Qd4 Rd8 26. Rhe1 Rxd4 27. Bxd4 Qd6 28. Rd2 Qa3+ 29. Kd1 Qa4+ 30. Kc1 Ba3+ 0-1

[Event "RUS-chT Clubs U18"]
[Site "Rybinsk"]
[Date "2007.08.02"]
[Round "1.18"]
[White "Buharin, Anton"]
[Black "Goganov, Aleksey"]
[Result "0-1"]
[WhiteElo "2039"]
[BlackElo "2309"]
[PlyCount "92"]
[EventDate "2007.08.02"]
[EventType "team-swiss"]
[EventRounds "9"]
[EventCountry "RUS"]
[SourceTitle "EXT 2022"]
[Source "ChessBase"]
[SourceDate "2021.10.06"]
[SourceVersion "1"]
[SourceVersionDate "2021.10.06"]
[SourceQuality "1"]

1. d4 d5 2. c4 e6 3. Nc3 Be7 4. Nf3 Nf6 5. Bg5 0-0 6. e3 h6 7. Bh4 b6 8. cxd5 Nxd5 9. Bxe7 Qxe7 10. e4 Nxc3 11. bxc3 Bb7 12. Bd3 c5 13. 0-0 Nd7 14. Bc2 Rfd8 15. Qd3 Rac8 16. Rac1 Nf8 17. Qe3 Rc7 18. Rfd1 Ng6 19. Bb1 Qe8 20. h3 Qa4 21. h4 Ne7 22. Qf4 Rdc8 23. dxc5 Rxc5 24. Rd4 Qe8 25. Qd2 R5c7 26. h5 Nc6 27. Rd6 Na5 28. Qd3 Nc4 29. e5 Bxf3 30. gxf3 Nxe5 31. Qe4 Nc4 32. Rd4 f5 33. Qh4 Ne5 34. Qg3 Nc6 35. Rd6 Qxh5 36. Rxe6 Nd4 37. Re3 Rxc3 38. Rce1 Rxe3 39. fxe3 Nxf3+ 40. Kg2 Nxe1+ 41. Qxe1 Rc4 42. e4 Qg4+ 43. Kh2 Qf4+ 44. Kg2 Rc1 45. Qb4 Qf1+ 46. Kg3 Rxb1 0-1

[Event "Anapa U18"]
[Site "Anapa"]
[Date "2007.08.??"]
[Round "7"]
[White "Buharin, Anton"]
[Black "Gazizov, Iljas"]
[Result "1-0"]
[WhiteElo "2039"]
[BlackElo "2193"]
[PlyCount "45"]
[EventDate "2007.08.25"]
[EventType "swiss"]
[EventRounds "9"]
[EventCountry "RUS"]
[SourceTitle "EXT 2022"]
[Source "ChessBase"]
[SourceDate "2021.10.06"]
[SourceVersion "1"]
[SourceVersionDate "2021.10.06"]
[SourceQuality "1"]

1. e4 d5 2. e5 c5 3. c3 Nc6 4. d4 cxd4 5. cxd4 Qb6 6. Nc3 Bf5 7. Nxd5 Qa5+ 8. Nc3 0-0-0 9. Be3 Nxe5 10. Rc1 Nf6 11. Qd2 Nc6 12. Nf3 Kb8 13. Bb5 Nb4 14. 0-0 e6 15. Ne5 Ne4 16. Nxe4 Qxb5 17. Nxf7 Bxe4 18. Nxd8 Qd7 19. Bf4+ Ka8 20. Nf7 Rg8 21. Rc7 Qe8 22. Rfc1 Nc6 23. Qe2 1-0

[Event "Anapa U18"]
[Site "Anapa"]
[Date "2007.08.??"]
[Round "6"]
[White "Oreshkin, Artem"]
[Black "Buharin, Anton"]
[Result "1/2-1/2"]
[WhiteElo "2049"]
[BlackElo "2039"]
[PlyCount "71"]
[EventDate "2007.08.25"]
[EventType "swiss"]
[EventRounds "9"]
[EventCountry "RUS"]
[SourceTitle "EXT 2022"]
[Source "ChessBase"]
[SourceDate "2021.10.06"]
[SourceVersion "1"]
[SourceVersionDate "2021.10.06"]
[SourceQuality "1"]

1. c4 c6 2. g3 d5 3. b3 Nf6 4. Bg2 Bf5 5. Bb2 e6 6. Nf3 Nbd7 7. 0-0 Bd6 8. d3 Qc7 9. Nh4 Bg6 10. Nxg6 hxg6 11. d4 b6 12. Nc3 Rh7 13. e4 dxe4 14. Nxe4 Nxe4 15. Bxe4 f5 16. Bg2 0-0-0 17. Qf3 Rdh8 18. c5 bxc5 19. dxc5 Nxc5 20. Qxc6 Qxc6 21. Bxc6 Rxh2 22. Bxg7 R8h7 23. Bd4 Ne4 24. Bxe4 fxe4 25. Rfc1+ Kb7 26. Kf1 e5 27. Be3 Ba3 28. Rd1 Bb2 29. Rab1 Bd4 30. Ke2 Rf7 31. Rh1 Rg2 32. Rbf1 Rf3 33. Rh7+ Kb8 34. Bxd4 exd4 35. Re7 d3+ 36. Kd1 1/2-1/2

[Event "Rybinsk op"]
[Site "Rybinsk"]
[Date "2006.06.25"]
[Round "5"]
[White "Buharin, Anton"]
[Black "Zhuravlev, Anatoly"]
[Result "1-0"]
[WhiteElo "1800"]
[BlackElo "2207"]
[PlyCount "93"]
[EventDate "2006.06.21"]
[EventType "swiss"]
[EventRounds "9"]
[EventCountry "RUS"]
[SourceTitle "EXT 2008"]
[Source "ChessBase"]
[SourceDate "2007.11.25"]
[SourceVersion "1"]
[SourceVersionDate "2007.11.25"]
[SourceQuality "1"]

1. d4 d5 2. c4 c6 3. Nc3 Nf6 4. e3 e6 5. Nf3 Be7 6. Qc2 0-0 7. Bd3 c5 8. cxd5 exd5 9. dxc5 Bxc5 10. 0-0 Nc6 11. a3 Qe7 12. Rd1 Bg4 13. Nxd5 Nxd5 14. Bxh7+ Kh8 15. Rxd5 Rad8 16. Rxd8 Rxd8 17. Bd3 Bxf3 18. gxf3 Rd5 19. f4 Rh5 20. Be2 Rh6 21. Bf3 Rg6+ 22. Kf1 Bb6 23. b4 Qh4 24. Qf5 Kg8 25. Bd5 Rf6 26. Qg5 Qxh2 27. Qg2 Qh5 28. Bb2 Rg6 29. Qe4 Ne7 30. Bc4 Nf5 31. Qxb7 Nxe3+ 32. fxe3 Qh3+ 33. Ke1 Qxe3+ 34. Kd1 Rd6+ 35. Kc2 Rd2+ 36. Kb1 Rxb2+ 37. Kxb2 Bd4+ 38. Ka2 Qd2+ 39. Kb3 Qc3+ 40. Ka4 Qxc4 41. Qb8+ Kh7 42. Rh1+ Kg6 43. Qd6+ f6 44. Rh2 Kf5 45. Rd2 Ke4 46. f5 Ke3 47. Qe6+ 1-0